000 00445nam a2200169 4500
008 010522s1978 us engYA
020 _a0935008314
090 _aBT741.2
_bN28s
100 1 _aNee, Watchman
245 1 0 _aThe salvation of the soul /
_cWatchman Nee
260 _aNew York :
_bCFP,
_cc1978.
300 _a115 p.
600 1 4 _aNee, Watchman, 1903-1972
_xSermons
650 4 _aSalvation
650 4 _aSoul
999 _c1485
_d1485